000 00417nam a22001457a 4500
005 20180307121931.0
008 180220b xxu||||| |||| 00| 0 eng d
040 _cPK-LaUMT
082 _aPKAC 323
_bMUS-I
100 _aMustafa Ceric
245 _aInternational Conference on Rethinking Human Rights (6-7 December)/
_cMustafa Ceric
260 _aKuala Lumpur:
_bJust wold trust,
_c1994
300 _a12
942 _cBK
999 _c103500
_d103500